| 000 | 01422cam a2200241 4500 | ||
|---|---|---|---|
| 001 | WB4016-19 | ||
| 008 | 040428n2004 000 0 eng u | ||
| 035 | _a(Sirsi) u126049 | ||
| 245 | _aValuing for right to buy | ||
| 260 | _c2004 | ||
| 490 |
_aODPM Housing Research Summary _v(209) 27 March 2004 (6) |
||
| 520 | _aODPM-commissioned research reviewing the valuation process in sales of local authority housing to sitting tenants has been published. Tenants dissatisfied with their landlord's valuation of their home for right to buy can obtain a binding second opinion from the district valuer. The number of these appeals has increased significantly in England in recent years. The report "Valuation for right to buy" produced by the College of Estate Management examines the reasons why tenants appeal against landlords' valuations and the extent of variation between these and those of district valuers. The full report is available at http://www.odpm.gov.uk/stellent/groups/odpm_housin g/documents/page/odpm_house_028427.hcsp. http://www.odpm.gov.uk/stellent/groups/odpm_housin g/documents/page/odpm_house_028413.hcsp | ||
| 590 | _aWB | ||
| 590 | _aWB | ||
| 650 | _aLANDLORDS | ||
| 650 | _aRIGHT TO BUY | ||
| 650 | _aSITTING TENANTS | ||
| 650 | _aCOUNCIL HOUSING | ||
| 650 | _aSOCIAL HOUSING | ||
| 650 | _aDISTRICT VALUERS | ||
| 690 | _aVALUATION AND INVESTMENT APPRAISAL-RESIDENTIAL | ||
| 942 | _n0 | ||
| 999 |
_c117265 _d117265 |
||